[Event "Ruhrgebiet VK2 0304"]
[Site "Ruhrgebiet"]
[Date "2003.12.07"]
[Round "4.7"]
[White "Melmer, Felix"]
[Black "Schwirtz, Thorsten"]
[Result "0-1"]
[WhiteElo "1553"]
[BlackElo "1867"]
[PlyCount "112"]
[EventDate "2003.09.28"]
[EventType "team"]
[EventRounds "9"]
[EventCountry "GER"]
[SourceTitle "EXT 2007"]
[Source "ChessBase"]
[SourceDate "2006.11.23"]
[SourceVersion "1"]
[SourceVersionDate "2006.11.23"]
[SourceQuality "1"]
[WhiteTeam "Gerthe"]
[BlackTeam "Eving SV Rochade"]
[WhiteTeamCountry "GER"]
[BlackTeamCountry "GER"]

1. e4 c6 2. d3 d5 3. Nd2 dxe4 4. dxe4 Nf6 5. Bc4 Bg4 6. f3 Bc8 7. Ne2 e5 8. 0-0 Bc5+ 9. Kh1 0-0 10. Nb3 Be7 11. Be3 Qc7 12. Qe1 b5 13. Bd3 a5 14. Ng3 a4 15. Nd2 Na6 16. c4 b4 17. b3 Rd8 18. Qe2 a3 19. h3 Nc5 20. Bc2 Ne6 21. Nf5 Bf8 22. Qf2 g6 23. Ng3 c5 24. Rad1 Nf4 25. h4 Bb7 26. Rfe1 Rac8 27. Ne2 Bh6 28. Nc1 Bf8 29. Bxf4 exf4 30. Nd3 Nh5 31. Kg1 Bg7 32. e5 Re8 33. Ne4 Bxe4 34. Rxe4 Bxe5 35. Nxe5 Rxe5 36. Qd2 Rce8 37. Kf2 Qe7 38. Qd7 Qxh4+ 39. Kg1 Rxe4 40. Bxe4 Qe7 41. Qxe7 Rxe7 42. Rd8+ Kg7 43. Rc8 Ng3 44. Rxc5 Nxe4 45. fxe4 Rxe4 46. Kf2 Rd4 47. Ke2 h5 48. Rb5 f6 49. c5 Rd5 50. Rxb4 Rxc5 51. Kd2 Rg5 52. Ra4 Rxg2+ 53. Kc1 Rxa2 54. Rxf4 Rb2 55. b4 g5 56. Rc4 h4 0-1

[Event "Ruhrgebiet VK2 0304"]
[Site "Ruhrgebiet"]
[Date "2003.09.28"]
[Round "1.8"]
[White "Schwirtz, Thorsten"]
[Black "Mustafic, Mustafa"]
[Result "0-1"]
[WhiteElo "1867"]
[BlackElo "1849"]
[PlyCount "54"]
[EventDate "2003.09.28"]
[EventType "team"]
[EventRounds "9"]
[EventCountry "GER"]
[SourceTitle "EXT 2007"]
[Source "ChessBase"]
[SourceDate "2006.11.23"]
[SourceVersion "1"]
[SourceVersionDate "2006.11.23"]
[SourceQuality "1"]
[WhiteTeam "Eving SV Rochade"]
[BlackTeam "Hamm 1911"]
[WhiteTeamCountry "GER"]
[BlackTeamCountry "GER"]

1. e4 e6 2. d4 d5 3. exd5 exd5 4. Nf3 Nf6 5. Bd3 Bg4 6. 0-0 Be7 7. Bf4 0-0 8. Nbd2 Nbd7 9. c3 c5 10. Rc1 Nh5 11. Bg3 g6 12. h3 Nxg3 13. fxg3 Be6 14. Re1 c4 15. Bb1 Qc7 16. Nf1 Bd6 17. Ng5 Rae8 18. Qf3 Qb6 19. Ne3 Qxb2 20. Nxd5 Bxd5 21. Qxd5 Rxe1+ 22. Rxe1 Bxg3 23. Rf1 Qxc3 24. Rxf7 Qe3+ 25. Kh1 Ne5 26. Rxf8+ Kxf8 27. Nxh7+ Kg7 0-1